The shadow of Hatfield (Record no. 74482)
[ view plain ]
| 000 -LEADER | |
|---|---|
| fixed length control field | 01445cab a2200229 4500 |
| 001 - CONTROL NUMBER | |
| control field | ABS67993 |
| 008 - FIXED-LENGTH DATA ELEMENTS--GENERAL INFORMATION | |
| fixed length control field | 040726n2004 000 0 eng u |
| 035 ## - SYSTEM CONTROL NUMBER | |
| System control number | (Sirsi) u126924 |
| 100 ## - MAIN ENTRY--PERSONAL NAME | |
| Personal name | Hill, C. |
| 245 #4 - TITLE STATEMENT | |
| Title | The shadow of Hatfield |
| 260 ## - PUBLICATION, DISTRIBUTION, ETC. | |
| Date of publication, distribution, etc. | 2004 |
| 490 ## - SERIES STATEMENT | |
| Series statement | Building |
| Volume/sequential designation | 269(8341) 16 July 2004, 52-53(2) |
| 520 ## - SUMMARY, ETC. | |
| Summary, etc. | Reports on the greater willingness on the part of the authorities to investigate and prosecute organisations for manslaughter. This is shown in the charging of Railtrack, Balfour Beatty and six individuals with corporate manslaughter for the Hatfield rail disaster and in a 10 minute rule bill put forward in parliament on corporate killing. For the construction sector many firms believe they are already dealing with the issue of health and safety adequately. The Home Office stated that any new legislation in this area will be nothing more than compliance with existing health and safety legislation but there might be more time and effort needed in maintaining audit trails of the safe working practices. Argues for more change in personal rather than corporate responsibility which is arguably a more effective way to ensure better safety standards. |
| 590 ## - LOCAL NOTE (RLIN) | |
| Local note | ABS |
| 650 ## - SUBJECT ADDED ENTRY--TOPICAL TERM | |
| Topical term or geographic name entry element | HEALTH AND SAFETY |
| 9 (RLIN) | 6244 |
| 650 ## - SUBJECT ADDED ENTRY--TOPICAL TERM | |
| Topical term or geographic name entry element | HEALTH AND SAFETY EXECUTIVE |
| 650 ## - SUBJECT ADDED ENTRY--TOPICAL TERM | |
| Topical term or geographic name entry element | CORPORATE MANSLAUGHTER |
| 650 ## - SUBJECT ADDED ENTRY--TOPICAL TERM | |
| Topical term or geographic name entry element | SITE SAFETY |
| 650 ## - SUBJECT ADDED ENTRY--TOPICAL TERM | |
| Topical term or geographic name entry element | RAILTRACK |
| 690 ## - LOCAL SUBJECT ADDED ENTRY--TOPICAL TERM (OCLC, RLIN) | |
| Topical term or geographic name as entry element | BUILT ENVIRONMENT-BUILDING STANDARDS |
| 942 ## - ADDED ENTRY ELEMENTS (KOHA) | |
| Suppress in OPAC | 0 |
| Withdrawn status | Lost status | Source of classification or shelving scheme | Damaged status | Not for loan | Home library | Current library | Shelving location | Date acquired | Total Checkouts | Full call number | Barcode | Date last seen | Copy number | Price effective from | Koha item type |
|---|---|---|---|---|---|---|---|---|---|---|---|---|---|---|---|
| Dewey Decimal Classification | London | London | Journal article | 26/07/2004 | ABS67993 | 126924-1001 | 06/08/2019 | 1 | 06/08/2019 | Journal article |